[Event "27th CRO-Cup"]
[Site "Mali Losinj"]
[Date "2018.05.17"]
[Round "3.141"]
[White "Boban, Sten"]
[Black "Popovic, Ivo"]
[Result "0-1"]
[WhiteElo "2092"]
[BlackElo "2142"]
[PlyCount "66"]
[EventDate "2018.05.16"]

1. d4 Nf6 2. c4 c5 3. d5 b5 4. cxb5 a6 5. b6 d6 6. Nc3 Qxb6 7. e4 g6 8. Be2 Bg7
9. Nf3 Nbd7 10. Nd2 O-O 11. a4 Qb4 12. Qc2 Ne5 13. h3 g5 14. Nf3 Nxf3+ 15. gxf3
Rb8 16. Rb1 Nxd5 17. exd5 Bxc3+ 18. Kf1 Bf6 19. Bd3 Qh4 20. Bf5 Rb4 21. Rg1 Rc4
22. Qd3 Rd4 23. Qc2 Rxd5 24. Be4 Bxh3+ 25. Ke2 Re5 26. Be3 d5 27. Qxc5 dxe4 28.
Qxe5 exf3+ 29. Ke1 Bxe5 30. Bxg5 Qg4 31. Rxg4 Bxg4 32. Kd2 Rd8+ 33. Ke3 Bf5 0-1

[Event "27th CRO-Cup"]
[Site "Mali Losinj"]
[Date "2018.05.17"]
[Round "3.142"]
[White "Miskovic, Bozo"]
[Black "Zakic, Marko"]
[Result "1/2-1/2"]
[WhiteElo "2027"]
[BlackElo "1901"]
[PlyCount "104"]
[EventDate "2018.05.16"]

1. e4 e6 2. f4 d5 3. e5 c5 4. c3 Nc6 5. Bb5 Qb6 6. Ba4 Bd7 7. d3 Be7 8. Nf3 f6
9. O-O Qc7 10. d4 a6 11. a3 b5 12. Bc2 b4 13. axb4 cxb4 14. exf6 Nxf6 15. Ne5
O-O 16. Nxd7 Qxd7 17. Qe2 a5 18. Nd2 bxc3 19. bxc3 Nd8 20. Nf3 a4 21. Re1 Bd6
22. Qd3 Nf7 23. Ne5 Bxe5 24. fxe5 Ne4 25. Qh3 Qc6 26. Bxe4 dxe4 27. Ba3 Rfc8
28. Bb4 Ra6 29. Qg4 Rca8 30. Ra3 Rb8 31. Qf4 h6 32. Rxe4 Ra7 33. Re1 Ng5 34.
Qe3 Rf7 35. h4 Nh7 36. Rea1 Ra8 37. Qd3 g5 38. h5 g4 39. Qg6+ Rg7 40. Qxh6 Ng5
41. Qf6 Raa7 42. h6 Nh3+ 43. Kh2 Rgf7 44. Qg6+ Kh8 45. Qxg4 Nf2 46. Qg6 Rf4 47.
c4 Raf7 48. d5 Ng4+ 49. Kh1 Nf2+ 50. Kh2 Ng4+ 51. Kh3 Nf2+ 52. Kh2 Ng4+ 1/2-1/2

[Event "27th CRO-Cup"]
[Site "Mali Losinj"]
[Date "2018.05.17"]
[Round "3.143"]
[White "Muraja, Zeljko"]
[Black "Cecuk, Marijo"]
[Result "1/2-1/2"]
[WhiteElo "1722"]
[BlackElo "2037"]
[PlyCount "65"]
[EventDate "2018.05.16"]

1. c4 Nf6 2. g3 e6 3. Bg2 d5 4. cxd5 exd5 5. Nf3 Bd6 6. d3 h6 7. O-O O-O 8. Re1
Re8 9. Nc3 c5 10. Nb5 Bf8 11. Bf4 Na6 12. b3 g5 13. Be5 Rxe5 14. Nxe5 Qe8 15.
Nxf7 Qxb5 16. Ne5 Bg7 17. Rc1 Be6 18. Qd2 Nd7 19. Nxd7 Qxd7 20. e4 Rf8 21. Rf1
dxe4 22. Bxe4 Bh3 23. Bg2 Bxg2 24. Kxg2 Qd5+ 25. Kg1 Rf3 26. Qe2 Rxd3 27. Rcd1
Rxd1 28. Rxd1 Qf7 29. Rd8+ Kh7 30. Qe4+ Qg6 31. Qxb7 Nb4 32. a3 Nc6 33. Rd7
1/2-1/2

[Event "27th CRO-Cup"]
[Site "Mali Losinj"]
[Date "2018.05.18"]
[Round "4.11"]
[White "Saric, Ivan"]
[Black "Lalic, Bogdan"]
[Result "1-0"]
[WhiteElo "2685"]
[BlackElo "2396"]
[PlyCount "121"]
[EventDate "2018.05.16"]

1. e4 c5 2. Nf3 Nc6 3. Bb5 g6 4. Bxc6 bxc6 5. O-O Bg7 6. Re1 Nf6 7. e5 Nd5 8.
c4 Nc7 9. b3 O-O 10. Bb2 d6 11. exd6 exd6 12. Bxg7 Kxg7 13. Nc3 Bf5 14. d4 Qf6
15. Qd2 Rad8 16. Rad1 d5 17. cxd5 Nxd5 18. h3 Nc7 19. Ne4 Bxe4 20. Rxe4 Ne6 21.
Qe3 Rd5 22. Rd2 Rfd8 23. dxc5 Rxd2 24. Nxd2 Nxc5 25. Rf4 Qa1+ 26. Kh2 Qxa2 27.
Nf3 Ne6 28. Ra4 Qb2 29. Rxa7 Kg8 30. Ne5 Qd4 31. Nxf7 Qxe3 32. fxe3 Rd3 33. Re7
Kf8 34. Ne5 Kxe7 35. Nxd3 Kf6 36. Kg3 Kf5 37. Kf3 Ng5+ 38. Ke2 Ke4 39. Nb4 c5
40. Na2 Nf7 41. Nc3+ Ke5 42. Kd3 Nd6 43. Na4 Ne4 44. Nb6 Nf2+ 45. Ke2 Ne4 46.
Nc4+ Kf5 47. Nd2 Nd6 48. Kd3 h5 49. g3 g5 50. e4+ Ke6 51. Nf3 Nf7 52. h4 gxh4
53. gxh4 Kd6 54. Ke3 Nd8 55. Kf4 Nc6 56. Kg5 Nd4 57. Nxd4 cxd4 58. Kf4 Kc5 59.
Kf3 Kb4 60. Ke2 Kc3 61. Kd1 1-0

[Event "27th CRO-Cup"]
[Site "Mali Losinj"]
[Date "2018.05.18"]
[Round "4.12"]
[White "Plenkovic, Zdenko"]
[Black "Markus, Robert"]
[Result "0-1"]
[WhiteElo "2403"]
[BlackElo "2603"]
[PlyCount "58"]
[EventDate "2018.05.16"]

1. e4 d6 2. d4 Nf6 3. Nc3 e5 4. Nf3 Nbd7 5. Bc4 Be7 6. O-O O-O 7. Re1 c6 8. a4
h6 9. h3 Re8 10. Ba2 exd4 11. Nxd4 Bf8 12. Bf4 Nc5 13. e5 dxe5 14. Bxe5 a5 15.
Nf3 Bf5 16. Qc1 Be6 17. Rd1 Nfd7 18. Qf4 Bxa2 19. Rxa2 Nxe5 20. Qxe5 Qxd1+ 21.
Nxd1 Rxe5 22. Nxe5 Re8 23. Nf3 Re2 24. b3 Nxb3 25. Rb2 Nc5 26. Ne3 Ne4 27. Rxb7
Bc5 28. Rb8+ Kh7 29. Ng4 f5 0-1

[Event "27th CRO-Cup"]
[Site "Mali Losinj"]
[Date "2018.05.18"]
[Round "4.13"]
[White "Kuljasevic, Davorin"]
[Black "Loncar, Robert"]
[Result "1/2-1/2"]
[WhiteElo "2534"]
[BlackElo "2412"]
[PlyCount "43"]
[EventDate "2018.05.16"]

1. d4 Nf6 2. c4 e6 3. Nc3 d5 4. cxd5 exd5 5. Bg5 c6 6. e3 h6 7. Bh4 Be6 8. Bd3
Nbd7 9. Nge2 g5 10. Bg3 Nh5 11. Qc2 Nxg3 12. Nxg3 h5 13. O-O-O h4 14. Nge2 Qa5
15. f4 gxf4 16. Nxf4 O-O-O 17. Rhf1 Bb4 18. Kb1 Kb8 19. Rc1 Nb6 20. a3 Bd6 21.
Rcd1 Rde8 22. Rde1 1/2-1/2

[Event "27th CRO-Cup"]
[Site "Mali Losinj"]
[Date "2018.05.18"]
[Round "4.14"]
[White "Sale, Srdjan"]
[Black "Plenca, Jadranko"]
[Result "1/2-1/2"]
[WhiteElo "2430"]
[BlackElo "2487"]
[PlyCount "35"]
[EventDate "2018.05.16"]

1. Nf3 d5 2. c4 e6 3. g3 Nf6 4. Bg2 Be7 5. O-O O-O 6. b3 c6 7. Bb2 b5 8. Qc2
Nbd7 9. d3 a5 10. Nbd2 a4 11. Rac1 Bb7 12. Rfd1 axb3 13. axb3 c5 14. e4 bxc4
15. bxc4 d4 16. Ra1 Qc7 17. Rxa8 Rxa8 18. Ra1 1/2-1/2

[Event "27th CRO-Cup"]
[Site "Mali Losinj"]
[Date "2018.05.18"]
[Round "4.22"]
[White "Kozul, Zdenko"]
[Black "Zufic, Miroslav"]
[Result "1-0"]
[WhiteElo "2597"]
[BlackElo "2374"]
[PlyCount "29"]
[EventDate "2018.05.16"]

1. d4 Nf6 2. Nf3 d5 3. c4 e6 4. Nc3 Nbd7 5. e3 b6 6. cxd5 exd5 7. Qb3 Bb7 8. e4
Nxe4 9. Nxe4 dxe4 10. Ng5 Qf6 11. Bc4 Bd6 12. Bxf7+ Ke7 13. Bd5 Ba6 14. Be3
Raf8 15. O-O-O 1-0

[Event "27th CRO-Cup"]
[Site "Mali Losinj"]
[Date "2018.05.18"]
[Round "4.23"]
[White "Krsnik Cohar, Ivan Vihor"]
[Black "Stevic, Hrvoje"]
[Result "1/2-1/2"]
[WhiteElo "2321"]
[BlackElo "2588"]
[PlyCount "50"]
[EventDate "2018.05.16"]

1. c4 e5 2. g3 Nc6 3. Bg2 g6 4. Nc3 Bg7 5. e3 d6 6. Nge2 Nge7 7. O-O O-O 8. b3
Be6 9. d4 exd4 10. exd4 Bg4 11. h3 Bxe2 12. Nxe2 Nf5 13. Bb2 Re8 14. Qd2 Re7
15. Rae1 Qf8 16. g4 Nh4 17. Bh1 Rae8 18. Ng3 Nxd4 19. Bxd4 Rxe1 20. Rxe1 Rxe1+
21. Qxe1 Bxd4 22. Bxb7 Qh6 23. Ne2 Bb6 24. Qc1 Qxc1+ 25. Nxc1 f5 1/2-1/2

[Event "27th CRO-Cup"]
[Site "Mali Losinj"]
[Date "2018.05.18"]
[Round "4.24"]
[White "Jankovic, Alojzije"]
[Black "Franic, Milan"]
[Result "1/2-1/2"]
[WhiteElo "2563"]
[BlackElo "2374"]
[PlyCount "87"]
[EventDate "2018.05.16"]

1. d4 d6 2. Nf3 Bg4 3. e4 Nf6 4. h3 Bh5 5. Nc3 e6 6. Qe2 a6 7. g4 Bg6 8. h4 h5
9. g5 Nfd7 10. Bh3 b5 11. O-O b4 12. Na4 Be7 13. Bf4 Qc8 14. d5 e5 15. Bxe5
dxe5 16. Nxe5 Qb7 17. Nxg6 fxg6 18. e5 O-O 19. d6 Qb5 20. Qxb5 axb5 21. dxe7
Re8 22. e6 Ne5 23. Nc5 Nf3+ 24. Kg2 Nxh4+ 25. Kg3 Nf5+ 26. Bxf5 gxf5 27. g6 Nc6
28. Kf4 Nxe7 29. Kg5 f4 30. Nd7 Ra6 31. Rfe1 Rc6 32. Re4 Rxc2 33. Rxf4 Re2 34.
Kxh5 Rxe6 35. Rg1 Rd6 36. Nc5 Nd5 37. Rf5 Nf6+ 38. Kh4 Re2 39. b3 Rdd2 40. Rc1
Rxf2 41. Rxf2 Rxf2 42. Nd3 Rg2 43. Rxc7 Rxg6 44. Rb7 1/2-1/2

[Event "27th CRO-Cup"]
[Site "Mali Losinj"]
[Date "2018.05.18"]
[Round "4.31"]
[White "Sprenger, Jan Michael"]
[Black "Saric, Ibro"]
[Result "1/2-1/2"]
[WhiteElo "2496"]
[BlackElo "2554"]
[PlyCount "120"]
[EventDate "2018.05.16"]

1. e4 e5 2. Nf3 Nc6 3. Bb5 a6 4. Ba4 Nf6 5. O-O Be7 6. Re1 b5 7. Bb3 d6 8. c3
O-O 9. h3 Na5 10. Bc2 c5 11. d4 Nd7 12. dxc5 dxc5 13. Nbd2 Qc7 14. Nf1 Nb6 15.
Ne3 Nac4 16. Nd5 Nxd5 17. exd5 f6 18. a4 Rb8 19. Bd3 Nd6 20. Qc2 g6 21. axb5
axb5 22. Bxg6 hxg6 23. Qxg6+ Kh8 24. Qh6+ Kg8 25. Qg6+ Kh8 26. Qh5+ Kg8 27. Bh6
Rf7 28. Nh4 f5 29. Rxe5 Bf6 30. Bf4 Qd8 31. Rae1 Bd7 32. R5e3 Rh7 33. Rg3+ Bg7
34. Qg6 Ne4 35. Bxb8 Qxh4 36. Be5 Nxg3 37. Bxg3 Qf6 38. Qxf6 Bxf6 39. Bd6 c4
40. f4 Rh6 41. Bc5 Kf7 42. Kf2 Bh4+ 43. g3 Bd8 44. h4 Ra6 45. Ke3 Ra2 46. Ba3
b4 47. Bxb4 Bb6+ 48. Kd2 Rxb2+ 49. Kc1 Rxb4 50. cxb4 Bf2 51. Rf1 Be3+ 52. Kb2
Bd4+ 53. Ka3 Be3 54. h5 Bd2 55. Rh1 Kg7 56. h6+ Kh7 57. Rh5 Bc1+ 58. Ka2 Bd2
59. Ka3 Bc1+ 60. Ka2 Bd2 1/2-1/2

[Event "27th CRO-Cup"]
[Site "Mali Losinj"]
[Date "2018.05.18"]
[Round "4.32"]
[White "Saric, Ante"]
[Black "Muha, Miljenko"]
[Result "1-0"]
[WhiteElo "2535"]
[BlackElo "2384"]
[PlyCount "80"]
[EventDate "2018.05.16"]

1. d4 d5 2. c4 dxc4 3. e3 Nf6 4. Bxc4 e6 5. Nf3 a6 6. O-O b5 7. Be2 Bb7 8. a4
b4 9. b3 Nbd7 10. Bb2 c5 11. Nbd2 Be7 12. Rc1 O-O 13. Nc4 cxd4 14. Nxd4 Nc5 15.
Bf3 Nfe4 16. a5 Qc7 17. Nb6 Rad8 18. Bxe4 Bxe4 19. Qg4 Bg6 20. Qf3 Bd6 21. h3
Rde8 22. Rfd1 Be4 23. Qe2 Qe7 24. Rc4 e5 25. Nc2 f5 26. Nxb4 Nxb3 27. Rxe4 fxe4
28. Qc4+ Kh8 29. Qxb3 Bxb4 30. Nd5 Qf7 31. Qxb4 Qxf2+ 32. Kh2 Rb8 33. Nb6 Qe2
34. Re1 Qc2 35. Bxe5 Rbd8 36. Qe7 Rg8 37. Bxg7+ Rxg7 38. Qxd8+ Rg8 39. Qf6+ Rg7
40. Qf8+ Rg8 1-0

[Event "27th CRO-Cup"]
[Site "Mali Losinj"]
[Date "2018.05.18"]
[Round "4.33"]
[White "Rade, Miroslav"]
[Black "Plenca, Julijan"]
[Result "1/2-1/2"]
[WhiteElo "2411"]
[BlackElo "2413"]
[PlyCount "76"]
[EventDate "2018.05.16"]

1. e4 c5 2. Nf3 d6 3. Bb5+ Nd7 4. d4 Ngf6 5. Nc3 cxd4 6. Qxd4 e5 7. Qd3 h6 8.
Be3 a6 9. Bc4 b5 10. Bd5 Rb8 11. O-O b4 12. Qc4 Nxd5 13. Nxd5 Be7 14. Nc7+ Kf8
15. Nxa6 Nb6 16. Bxb6 Rxb6 17. Nxb4 Be6 18. Nd5 Rxb2 19. Rab1 Rxb1 20. Rxb1 g5
21. Nd2 Kg7 22. Nf1 Qa5 23. Nfe3 Rc8 24. Qb3 Bf8 25. g4 Ra8 26. Ra1 Qa7 27. Qd3
Qc5 28. a4 Bd7 29. Qc4 Qxc4 30. Nxc4 Rxa4 31. Rxa4 Bxa4 32. Nce3 f6 33. c3 Kg6
34. Nf5 Bd1 35. h3 h5 36. gxh5+ Bxh5 37. Kg2 Bd1 38. f3 Bb3 1/2-1/2

[Event "27th CRO-Cup"]
[Site "Mali Losinj"]
[Date "2018.05.18"]
[Round "4.34"]
[White "Bobanac, Miro"]
[Black "Doric, Darko"]
[Result "0-1"]
[WhiteElo "2276"]
[BlackElo "2463"]
[PlyCount "88"]
[EventDate "2018.05.16"]

1. c4 c6 2. Nf3 d5 3. e3 Nf6 4. b3 Bg4 5. Bb2 e6 6. Be2 Nbd7 7. O-O Bd6 8. h3
Bxf3 9. Bxf3 O-O 10. d3 Qe7 11. Nc3 Rfe8 12. Re1 Ne5 13. Be2 Ng6 14. d4 dxc4
15. Bxc4 e5 16. d5 b5 17. Bd3 e4 18. Bf1 b4 19. Ne2 Nxd5 20. Rc1 Rac8 21. Rc2
Qg5 22. Nd4 Ne5 23. Kh1 Red8 24. Rd2 Nc3 25. Qc2 c5 26. Nb5 Nd3 27. Rxd3 exd3
28. Bxd3 Nxb5 29. Bxb5 Be5 30. Bc4 Bxb2 31. Qxb2 Rc7 32. Qe2 Rcd7 33. Qf3 Qf6
34. Qg3 Rd2 35. f4 Rxa2 36. e4 Ra1 37. Rxa1 Qxa1+ 38. Kh2 Qf6 39. e5 Qf5 40.
Qe3 Rd4 41. Kg3 g5 42. fxg5 Re4 43. Qd2 Qxe5+ 44. Kf2 Qd4+ 0-1

[Event "27th CRO-Cup"]
[Site "Mali Losinj"]
[Date "2018.05.18"]
[Round "4.41"]
[White "Mufic, Goran"]
[Black "Nemeth, Miklos"]
[Result "1/2-1/2"]
[WhiteElo "2288"]
[BlackElo "2491"]
[PlyCount "50"]
[EventDate "2018.05.16"]

1. d4 f5 2. Nc3 d5 3. Nf3 e6 4. Bf4 Nf6 5. e3 a6 6. Be2 Be7 7. h3 O-O 8. O-O c5
9. Ne5 Nbd7 10. Na4 c4 11. a3 Nxe5 12. Bxe5 Bd6 13. Bxd6 Qxd6 14. f4 Bd7 15.
Nc3 b5 16. g4 a5 17. g5 Ne8 18. Nb1 Qb6 19. Nd2 Nd6 20. Nf3 Rfc8 21. Ne5 Be8
22. Bf3 b4 23. a4 Ra7 24. h4 Qd8 25. Rf2 Rcc7 1/2-1/2

[Event "27th CRO-Cup"]
[Site "Mali Losinj"]
[Date "2018.05.18"]
[Round "4.42"]
[White "Krstic, Uros"]
[Black "Safar, Sandro"]
[Result "1/2-1/2"]
[WhiteElo "2377"]
[BlackElo "2235"]
[PlyCount "67"]
[EventDate "2018.05.16"]

1. d4 d5 2. Bf4 Nf6 3. e3 c5 4. c3 Nc6 5. Nd2 Bf5 6. Ngf3 e6 7. Bb5 Qb6 8. Qa4
Nd7 9. O-O Be7 10. c4 a6 11. Nb3 O-O 12. Bxc6 bxc6 13. cxd5 exd5 14. dxc5 Nxc5
15. Nxc5 Bxc5 16. Rac1 Rac8 17. Be5 Bd3 18. Rfe1 Bb4 19. Bc3 a5 20. Ne5 Bb5 21.
Qc2 c5 22. Red1 Rfd8 23. Qf5 f6 24. Nf3 Bxc3 25. Rxc3 Bd7 26. Qc2 Bg4 27. Rc1
Bxf3 28. gxf3 c4 29. b3 cxb3 30. Qxb3 Qxb3 31. axb3 Rxc3 32. Rxc3 Rb8 33. Rc5
Rxb3 34. Rxa5 1/2-1/2

[Event "27th CRO-Cup"]
[Site "Mali Losinj"]
[Date "2018.05.18"]
[Round "4.43"]
[White "Tomulic, Teo"]
[Black "Trbojevic, Mladen"]
[Result "0-1"]
[WhiteElo "2273"]
[BlackElo "2343"]
[PlyCount "80"]
[EventDate "2018.05.16"]

1. e4 e5 2. Nf3 Nc6 3. Bb5 a6 4. Ba4 Nf6 5. O-O Be7 6. Re1 b5 7. Bb3 d6 8. c3
O-O 9. h3 Nb8 10. d4 Nbd7 11. Nbd2 Bb7 12. Bc2 Re8 13. Nf1 Bf8 14. Ng3 g6 15.
h4 c5 16. h5 cxd4 17. hxg6 hxg6 18. cxd4 Rc8 19. Bg5 Be7 20. Rc1 Qb6 21. dxe5
Ng4 22. Rf1 Bxg5 23. Nxg5 Ndxe5 24. Bb3 Ne3 25. Qd2 Nxf1 26. Rxf1 Kg7 27. Rd1
Qd8 28. f4 Qb6+ 29. Qd4 Qxd4+ 30. Rxd4 Ng4 31. Rxd6 Rc1+ 32. Nf1 Ne3 33. Kf2
Rxf1+ 34. Kxe3 Bxe4 35. Nxe4 Re1+ 36. Kf3 R8xe4 37. Rxa6 f5 38. Ra7+ Kh6 39. g3
R1e2 40. Bg8 R4e3# 0-1

[Event "27th CRO-Cup"]
[Site "Mali Losinj"]
[Date "2018.05.18"]
[Round "4.44"]
[White "Horvat, David"]
[Black "Zekic, Patrik"]
[Result "1-0"]
[WhiteElo "2191"]
[BlackElo "1525"]
[PlyCount "73"]
[EventDate "2018.05.16"]

1. e4 e6 2. d4 d5 3. Nc3 Bb4 4. e5 Ne7 5. a3 Bxc3+ 6. bxc3 Nf5 7. Nh3 c5 8. g4
Ne7 9. Nf4 Ng6 10. Nh5 O-O 11. g5 Nc6 12. h4 Nce7 13. Rg1 Nf5 14. Bd3 Re8 15.
Nf6+ gxf6 16. gxf6 c4 17. Bxf5 exf5 18. Bg5 f4 19. Qh5 Kh8 20. Qh6 Rg8 21. Qg7+
Rxg7 22. fxg7+ Kxg7 23. Bxd8 h5 24. f3 Bf5 25. Bf6+ Kh6 26. Kd2 Re8 27. Rab1 b6
28. Rb5 Be6 29. a4 Rb8 30. a5 Rb7 31. axb6 axb6 32. Rgb1 Rb8 33. Rxb6 Rg8 34.
Rb8 Rxb8 35. Rxb8 Kh7 36. Rd8 Kh6 37. Kc1 1-0

[Event "27th CRO-Cup"]
[Site "Mali Losinj"]
[Date "2018.05.18"]
[Round "4.51"]
[White "Bodiroga, Predrag"]
[Black "Martic, Zlatko"]
[Result "1-0"]
[WhiteElo "2332"]
[BlackElo "2261"]
[PlyCount "78"]
[EventDate "2018.05.16"]

1. d4 Nf6 2. Nf3 g6 3. c4 c5 4. d5 b5 5. cxb5 a6 6. bxa6 Bg7 7. Nc3 Bxa6 8. e4
Bxf1 9. Kxf1 d6 10. h3 O-O 11. Kg1 Nbd7 12. Kh2 Qa5 13. Re1 Rfb8 14. Re2 Ne8
15. Qc2 Nc7 16. Bd2 Qa6 17. Be1 Rb7 18. Kg1 Rab8 19. b3 Rxb3 20. axb3 Qxa1 21.
Kh2 Qa3 22. Nd2 Nb5 23. Nxb5 Rxb5 24. f4 Qb2 25. Qd3 Rb6 26. Qf3 Qa1 27. Nc4
Ra6 28. Bh4 Kf8 29. e5 dxe5 30. d6 exd6 31. Qb7 Bf6 32. Qxd7 Bxh4 33. Nxd6 Ra7
34. Qc8+ Kg7 35. Ne8+ Kh6 36. Qg4 Be7 37. Rxe5 f5 38. Qg3 Bd8 39. Rd5 Be7 1-0

[Event "27th CRO-Cup"]
[Site "Mali Losinj"]
[Date "2018.05.18"]
[Round "4.52"]
[White "Rubil, Marko"]
[Black "Santa, Robert"]
[Result "1-0"]
[WhiteElo "2227"]
[BlackElo "2174"]
[PlyCount "105"]
[EventDate "2018.05.16"]

1. e4 c5 2. Nf3 Nc6 3. d4 cxd4 4. Nxd4 e5 5. Nb5 d6 6. c4 Nf6 7. N1c3 a6 8. Na3
Be6 9. Be2 Nd4 10. O-O Rc8 11. Bd3 Be7 12. Be3 Nc6 13. f3 O-O 14. Qd2 Nb4 15.
Be2 h6 16. Na4 Nc6 17. Nb6 Rb8 18. Rfd1 Re8 19. Nd5 Bf8 20. Bb6 Qd7 21. Rac1
Rbc8 22. Be3 Bxd5 23. cxd5 Nb8 24. Nc4 Qe7 25. Nb6 Rxc1 26. Rxc1 Nh5 27. g3 g5
28. Rc3 Qf6 29. Qc2 Qg6 30. Rc8 f5 31. exf5 Qf7 32. Qc7 Qxc7 33. Rxc7 Re7 34.
Rc8 Nd7 35. Nc4 Ndf6 36. Nxd6 Rd7 37. Ne4 Kg7 38. g4 Nxd5 39. gxh5 Nxe3 40. f6+
Kf7 41. Kf2 Nd1+ 42. Bxd1 Rxd1 43. Rc7+ Kg8 44. Rxb7 Rh1 45. Kg2 Re1 46. Kh3
Rg1 47. Ng3 Bd6 48. Rd7 Bc5 49. Kg4 Rg2 50. Kf5 Rxb2 51. Kg6 Rb6 52. Rd8+ Bf8
53. Nf5 1-0

[Event "27th CRO-Cup"]
[Site "Mali Losinj"]
[Date "2018.05.18"]
[Round "4.53"]
[White "Komljenovic, Tihomir"]
[Black "Matanovic, Luka"]
[Result "0-1"]
[WhiteElo "2041"]
[BlackElo "2189"]
[PlyCount "46"]
[EventDate "2018.05.16"]

1. d3 e5 2. Nf3 Nc6 3. g3 d5 4. Bg2 Nge7 5. O-O Ng6 6. Nbd2 h5 7. e4 d4 8. h3
Be6 9. Re1 f6 10. h4 Qd7 11. a3 Be7 12. b4 a5 13. b5 Nd8 14. a4 Bb4 15. Ba3 Bc3
16. Rc1 Bg4 17. Rf1 Ne6 18. Rb1 Nef4 19. gxf4 Nxh4 20. f5 Bxd2 21. Qxd2 Bxf3
22. Bh3 Bg4 23. Bg2 Bh3 0-1

[Event "27th CRO-Cup"]
[Site "Mali Losinj"]
[Date "2018.05.18"]
[Round "4.54"]
[White "Matanovic, Pavo"]
[Black "Blaga, Marijan"]
[Result "0-1"]
[WhiteElo "1839"]
[BlackElo "1993"]
[PlyCount "50"]
[EventDate "2018.05.16"]

1. e4 c5 2. Nf3 Nc6 3. Bb5 a6 4. Bxc6 bxc6 5. O-O d6 6. c3 g6 7. d4 cxd4 8.
cxd4 Bg7 9. Nc3 Nf6 10. Qa4 Bd7 11. e5 dxe5 12. dxe5 Nd5 13. Ne4 Qb6 14. Re1
O-O 15. Neg5 Qb4 16. Qc2 Rac8 17. e6 fxe6 18. a3 Qd6 19. Qe2 Ra8 20. Ne4 Qc7
21. Bg5 h6 22. Bc1 a5 23. h4 Rab8 24. a4 Qb6 25. h5 gxh5 0-1

[Event "27th CRO-Cup"]
[Site "Mali Losinj"]
[Date "2018.05.18"]
[Round "4.61"]
[White "Rosic, Slavko S"]
[Black "Bosiocic, Marin"]
[Result "0-1"]
[WhiteElo "2224"]
[BlackElo "2597"]
[PlyCount "70"]
[EventDate "2018.05.16"]

1. e4 d6 2. d4 Nf6 3. Nc3 g6 4. f3 c6 5. Bc4 d5 6. Bb3 Bg7 7. Nge2 O-O 8. Bg5
Na6 9. e5 Ne8 10. Qd2 f6 11. exf6 exf6 12. Bh6 Nac7 13. h4 a5 14. a4 Bxh6 15.
Qxh6 Nd6 16. O-O-O b5 17. g4 b4 18. Nb1 Re8 19. Rde1 Qe7 20. Qd2 Qe3 21. Qxe3
Rxe3 22. Nd2 Ne6 23. h5 Ra7 24. hxg6 hxg6 25. Kd1 Ba6 26. c3 bxc3 27. bxc3 Re7
28. Ng3 Rxc3 29. Bc2 Bd3 30. Bb3 Re8 31. Ba2 Ra3 32. Bb1 Bxb1 33. Nxb1 Rxa4 34.
Rh6 Rxd4+ 35. Kc1 Nf8 0-1

[Event "27th CRO-Cup"]
[Site "Mali Losinj"]
[Date "2018.05.18"]
[Round "4.62"]
[White "Tica, Sven"]
[Black "Ljikar, Zoran"]
[Result "1-0"]
[WhiteElo "2444"]
[BlackElo "2193"]
[PlyCount "65"]
[EventDate "2018.05.16"]

1. d4 Nf6 2. c4 e6 3. g3 d5 4. Bg2 c6 5. Nf3 Bb4+ 6. Bd2 Be7 7. O-O Nbd7 8. Qc2
b6 9. Bf4 Bb7 10. Nc3 Rc8 11. Rfd1 O-O 12. Ne5 a6 13. e4 dxc4 14. Nxc4 Nh5 15.
Nd6 Rb8 16. Nxb7 Rxb7 17. Be3 Nhf6 18. d5 cxd5 19. exd5 exd5 20. Nxd5 Nxd5 21.
Bxd5 Rc7 22. Qe2 Bc5 23. Bxc5 Rxc5 24. b4 Rc3 25. Qxa6 Qf6 26. Rac1 Rxc1 27.
Rxc1 Qb2 28. Rc7 Nf6 29. Bb3 Qd2 30. Qb7 h5 31. Rxf7 Rxf7 32. Qxf7+ Kh7 33. Qc4
1-0

[Event "27th CRO-Cup"]
[Site "Mali Losinj"]
[Date "2018.05.18"]
[Round "4.63"]
[White "Lesic, Krunoslav"]
[Black "Golubovic, Boris"]
[Result "0-1"]
[WhiteElo "2068"]
[BlackElo "2386"]
[PlyCount "48"]
[EventDate "2018.05.16"]

1. e4 c5 2. Nf3 d6 3. c3 Nf6 4. Be2 Nbd7 5. d3 b6 6. O-O Bb7 7. b3 g6 8. h3 Bg7
9. Nh2 d5 10. f3 O-O 11. Qc2 Rc8 12. Rd1 Qc7 13. Nf1 Nh5 14. a4 Nf4 15. Ra2 f5
16. g3 Nh5 17. exf5 Nxg3 18. fxg6 d4 19. f4 Qc6 20. gxh7+ Kh8 21. Bg4 Qh1+ 22.
Kf2 Qg2+ 23. Ke1 Qxf1+ 24. Kd2 Qf2+ 0-1

[Event "27th CRO-Cup"]
[Site "Mali Losinj"]
[Date "2018.05.18"]
[Round "4.64"]
[White "Petrov, Jole"]
[Black "Egerc, Josip"]
[Result "0-1"]
[WhiteElo "2408"]
[BlackElo "2066"]
[PlyCount "77"]
[EventDate "2018.05.16"]

1. c4 Nf6 2. Nf3 d5 3. cxd5 Nxd5 4. g3 c6 5. Bg2 g6 6. d4 Bf5 7. O-O Bxb1 8.
Rxb1 Bg7 9. e4 Nb6 10. Be3 O-O 11. Qc2 N8d7 12. Rfd1 Nf6 13. h3 e6 14. b4 Rc8
15. Nd2 Nbd7 16. Nc4 Qe7 17. Qb3 Rfd8 18. a4 Ne8 19. d5 cxd5 20. exd5 exd5 21.
Bxd5 Ndf6 22. Bg2 Rxd1+ 23. Rxd1 b6 24. b5 Qe6 25. Nd2 Nc7 26. Rc1 Nfe8 27. Qd3
Bf6 28. Rc6 Rd8 29. Qc2 Qd7 30. Qc4 Ne6 31. Ne4 Bg7 32. a5 Nd4 33. axb6 Nxc6
34. bxc6 Qd1+ 35. Kh2 axb6 36. Bxb6 Ra8 37. h4 Be5 38. Ng5 Nd6 39. Qb4 0-1

[Event "27th CRO-Cup"]
[Site "Mali Losinj"]
[Date "2018.05.18"]
[Round "4.71"]
[White "Biti, Ozren"]
[Black "Skuhala, Jernej"]
[Result "1/2-1/2"]
[WhiteElo "2362"]
[BlackElo "2302"]
[PlyCount "45"]
[EventDate "2018.05.16"]

1. e4 c5 2. Nc3 a6 3. g3 b5 4. Bg2 Bb7 5. d3 e6 6. f4 d5 7. f5 b4 8. fxe6 fxe6
9. Nce2 dxe4 10. Nf4 Qd7 11. Qh5+ Qf7 12. Qxf7+ Kxf7 13. Ngh3 h6 14. O-O Nf6
15. dxe4 Bxe4 16. Bxe4 Nxe4 17. Re1 Nf6 18. Nxe6 Bd6 19. Bf4 Bxf4 20. Nhxf4
Nbd7 21. Rad1 Rac8 22. Nh5 g6 23. Nxf6 1/2-1/2

[Event "27th CRO-Cup"]
[Site "Mali Losinj"]
[Date "2018.05.18"]
[Round "4.72"]
[White "Novak, Ivan"]
[Black "Medak, Bojan"]
[Result "1/2-1/2"]
[WhiteElo "2202"]
[BlackElo "2380"]
[PlyCount "20"]
[EventDate "2018.05.16"]

1. d4 d6 2. e4 Nf6 3. Nc3 e5 4. dxe5 dxe5 5. Qxd8+ Kxd8 6. Bg5 Be7 7. O-O-O+
Ke8 8. Nf3 Nbd7 9. h3 a6 10. Bc4 Bd6 1/2-1/2

[Event "27th CRO-Cup"]
[Site "Mali Losinj"]
[Date "2018.05.18"]
[Round "4.73"]
[White "Filipovic, Marko"]
[Black "Havas, Janko"]
[Result "1/2-1/2"]
[WhiteElo "2327"]
[BlackElo "2224"]
[PlyCount "53"]
[EventDate "2018.05.16"]

1. d4 Nf6 2. c4 g6 3. Nc3 Bg7 4. e4 d6 5. f3 O-O 6. Bg5 c5 7. d5 e6 8. Qd2 exd5
9. cxd5 h6 10. Be3 Re8 11. Nge2 Kh7 12. Ng3 a6 13. a4 b6 14. Be2 Nbd7 15. O-O
Qc7 16. b3 Bb7 17. Rab1 Re7 18. Nh1 Qd8 19. Nf2 Qh8 20. Rbc1 Rc8 21. g4 Rce8
22. h4 h5 23. g5 Ng8 24. Nfd1 Rc8 25. Na2 Rce8 26. Nac3 Rc8 27. Na2 1/2-1/2

[Event "27th CRO-Cup"]
[Site "Mali Losinj"]
[Date "2018.05.18"]
[Round "4.74"]
[White "Havas, Juraj"]
[Black "Vargic, Drago"]
[Result "0-1"]
[WhiteElo "2028"]
[BlackElo "2283"]
[PlyCount "79"]
[EventDate "2018.05.16"]

1. d4 e6 2. c4 Nf6 3. Nf3 Bb4+ 4. Bd2 c5 5. Bxb4 cxb4 6. g4 O-O 7. g5 Ne4 8.
Rg1 b6 9. Nbd2 Nxd2 10. Qxd2 a5 11. e3 d6 12. Be2 Nd7 13. h4 Bb7 14. Rg3 Qe7
15. Rd1 Rad8 16. Kf1 f5 17. Ng1 d5 18. f4 dxc4 19. Bxc4 Nc5 20. Qe2 Ne4 21. Rh3
Nd6 22. Bd3 Bd5 23. b3 Rc8 24. Nf3 Rc3 25. Ne5 Rfc8 26. h5 a4 27. bxa4 Ra3 28.
Rd2 Rc1+ 29. Rd1 Rxd1+ 30. Qxd1 Rxa2 31. Qb1 b3 32. e4 fxe4 33. g6 Qf6 34.
gxh7+ Kxh7 35. Be2 Qxf4+ 36. Rf3 Qd2 37. Rf2 b2 38. Ng6 Qc1+ 39. Kg2 Qxb1 40.
Rf8 0-1

[Event "27th CRO-Cup"]
[Site "Mali Losinj"]
[Date "2018.05.18"]
[Round "4.82"]
[White "Vujakovic, Branko"]
[Black "Basrak, Srdjan"]
[Result "1-0"]
[WhiteElo "2335"]
[BlackElo "2245"]
[PlyCount "57"]
[EventDate "2018.05.16"]

1. e4 c5 2. Nf3 Nc6 3. d4 cxd4 4. Nxd4 Nf6 5. Nc3 e5 6. Ndb5 d6 7. Bg5 a6 8.
Na3 b5 9. Nd5 Qa5+ 10. Bd2 Qd8 11. Bg5 Qa5+ 12. c3 Nxe4 13. Be3 Rb8 14. Qf3 f5
15. Nc2 b4 16. Bc4 bxc3 17. bxc3 Be6 18. Nc7+ Qxc7 19. Bxe6 Ne7 20. O-O Qxc3
21. Rac1 g6 22. Nd4 Qa5 23. Nxf5 gxf5 24. Bxf5 d5 25. Qh5+ Kd8 26. Bxe4 Rb7 27.
Qxe5 Rg8 28. Rfd1 Rb5 29. a4 1-0